Boehringer mannheim : 1995 biochemicals catalog

Bewaard in:
Bibliografische gegevens
Formaat: Boek
Taal:Undetermined
Gepubliceerd in: Singapore
Onderwerpen:
Tags: Voeg label toe
Geen labels, Wees de eerste die dit record labelt!
Thư viện lưu trữ: Trung tâm Học liệu Trường Đại học Cần Thơ
LEADER 00439nam a2200157Ia 4500
001 CTU_149482
008 210402s9999 xx 000 0 und d
082 |a 001.40284 
082 |b B671 
245 0 |a Boehringer mannheim : 
245 0 |b 1995 biochemicals catalog 
260 |a Singapore 
650 |a Biochemicals catalog,Hóa sinh 
650 |x Mục lục 
904 |i Nguyên 
980 |a Trung tâm Học liệu Trường Đại học Cần Thơ